Завязь: повесть, рассказы

Detalles Bibliográficos
Autor principal: Тютюнник Г. М. Григорий Михайлович
Otros Autores: Дангулова Н. (переводчик), Бичко О. В. (иллюстратор)
Sumario:Исключено из фонда НТБ ТПУ
Lenguaje:ruso
Publicado: Киев, Днiпро, 1988
Colección:Радуга
Formato: MixedMaterials Libro
KOHA link:https://koha.lib.tpu.ru/cgi-bin/koha/opac-detail.pl?biblionumber=151118

MARC

LEADER 00000nam0a2200000 4500
001 151118
005 20231031150402.0
010 |a 530800210X 
035 |a (RuTPU)RU\TPU\book\163852 
090 |a 151118 
100 |a 20090119d1988 m y0rusy50 ca 
101 1 |a rus  |c ukr 
102 |a UA 
105 |a a z 000ay 
200 1 |a Завязь  |e повесть, рассказы  |f Г. М. Тютюнник  |g авториз. пер. с укр. Н. Дангулова ; худож. О. В. Бичко 
210 |a Киев  |c Днiпро  |d 1988 
215 |a 335 с.  |c ил. 
225 1 |a Радуга 
333 |a Исключено из фонда НТБ ТПУ 
700 1 |a Тютюнник  |b Г. М.  |g Григорий Михайлович 
702 1 |a Дангулова  |b Н.  |4 730 
702 1 |a Бичко  |b О. В.  |4 440 
801 1 |a RU  |b 63413507  |c 20090119  |g PSBO 
801 2 |a RU  |b 63413507  |c 20220602  |g PSBO 
942 |c BK